Quizzes
Events
Quiz Creation
Community
Videos
Private Events
Remove Ads
Sign In
Join for FREE
Feedback
Dark Mode
Quiz Categories
Sports
Geography
Music
Movies
Television
Just For Fun
Miscellaneous
History
Literature
Language
Science
Gaming
Entertainment
Religion
Holiday
For Kids
Quiz Lab
Recent
Popular Today
Quiz Kudos Today
Editor Picks
Curator Picks
Quizzes by...
Day
Popularity
Type
Ratings
Length
Year
Community
Subscriptions
Recent Discussions
Orange Saloon
Badges
Playlists
Quests
Create
Leaderboards
Showdown
Live 5
Trivia Bingo
Activity
Puzzle Library
Sporcle Events
Private Events
Virtual Trivia
Globe League
Become a Host
Pub Owners
SporcleCon
Opinionation
Our Games
Videos
Blog
Mobile Apps
Partnerships
Remove Ads and Go Orange
Feedback
Geography
Country
Landmarks
City
State
Population
World
Capital
Continent
Flags
Europe
Africa
Asia
South America
North America
Oceania
Border
Canada
United Kingdom
Topography
United States
Geography
Country
Landmarks
City
State
Population
World
Capital
Continent
Flags
Europe
Africa
Asia
South America
North America
Oceania
Border
Canada
United Kingdom
Topography
United States
Random Quiz
Search Sporcle
×
Quiz Lab
Quiz Lab
Geography
Population
Type in answers that appear in a list
Type in answers that appear in a list
Classic
Best Score? Go Orange.
US West Coast - Fast Facts Stats
Can you name the following facts about the US West Coast and associated states?
By
Roxelana
5m
64 Questions
875 Plays
875 Plays
875 Plays
Comments
Comments
Give Quiz Kudos
Give Quiz Kudos
-
- Ratings
hide this ad
More Info
Replay
Link that replays current quiz
Next Quiz
Link to next quiz in quiz playlist
You Got
0%
They Got
Avg Score
74%
Avg Friend Score
Upgrade to see
Score Distribution
Jump to the score distribution portion of the page
Score
0/64
Timer
05:00
0
Plays Today
Population
% Correct
States
California
99.7%
States
Washington
99.5%
States
Nevada
99.3%
States
Oregon
99.2%
States
Arizona
98.6%
States
Hawaii
98.3%
States
Alaska
98.2%
Twenty Five Largest Cities
Los Angeles, CA
97.5%
Twenty Five Largest Metros
Los Angeles, CA
97.5%
State Capitals
Sacramento, CA
96.9%
Twenty Five Largest Cities
Sacramento, CA
96.9%
Twenty Five Largest Metros
Sacramento, CA
96.9%
State Capitals
Phoenix, AZ
96.3%
Twenty Five Largest Cities
Phoenix, AZ
96.3%
Twenty Five Largest Metros
Phoenix, AZ
96.3%
State Capitals
Honolulu, Hi
96.2%
Twenty Five Largest Cities
Honolulu, HI
96.2%
Twenty Five Largest Metros
Honolulu, HI
96.2%
Twenty Five Largest Cities
San Francisco, CA
96%
Twenty Five Largest Metros
San Francisco, CA
96%
Twenty Five Largest Metros
Seatte, WA
94.6%
Twenty Five Largest Cities
Seattle, WA
94.6%
Twenty Five Largest Cities
San Diego, CA
94.4%
Twenty Five Largest Metros
San Diego, CA
94.4%
Twenty Five Largest Cities
Las Vegas, NV
93%
Twenty Five Largest Metros
Las Vegas, NV
93%
Twenty Five Largest Cities
Portland, OR
92.8%
Twenty Five Largest Metros
Portland, OR
92.8%
State Capitals
Juneau, AK
92.5%
State Capitals
Carson City, NV
91.3%
State Capitals
Salem, OR
90.2%
Twenty Five Largest Metros
Salem, OR
90.2%
Population
% Correct
State Capitals
Olympia, WA
89.6%
Twenty Five Largest Cities
San Jose, CA
87.2%
Twenty Five Largest Metros
San Jose, CA
87.2%
Twenty Five Largest Cities
Oakland, CA
81.3%
Twenty Five Largest Cities
Anchorage, AK
79.8%
Twenty Five Largest Cities
Tucson, AZ
79.3%
Twenty Five Largest Metros
Tucson, AZ
79.3%
Twenty Five Largest Metros
Reno, NV
76.2%
Twenty Five Largest Cities
Fresno, CA
68.2%
Twenty Five Largest Metros
Fresno, CA
68.2%
Twenty Five Largest Metros
Spokane, WA
64.2%
Twenty Five Largest Cities
Anaheim, CA
64%
Twenty Five Largest Cities
Long Beach, CA
62.6%
Twenty Five Largest Cities
Riverside, CA
61.3%
Twenty Five Largest Metros
Riverside, CA
61.3%
Twenty Five Largest Cities
Mesa, AZ
60.5%
Twenty Five Largest Cities
Bakersfield, CA
58.3%
Twenty Five Largest Metros
Bakersfield, CA
58.3%
Twenty Five Largest Cities
Glendale, AZ
51.2%
Twenty Five Largest Cities
Santa Ana, CA
47.1%
Twenty Five Largest Cities
Henderson, NV
43.8%
Twenty Five Largest Cities
Stockton, CA
41.4%
Twenty Five Largest Metros
Stockton, CA
41.4%
Twenty Five Largest Metros
Modesto, CA
33.8%
Twenty Five Largest Metros
Santa Barbara, CA
32%
Twenty Five Largest Cities
Chula Vista, CA
28.3%
Twenty Five Largest Cities
Chandler, AZ
27.1%
Twenty Five Largest Metros
Oxnard, CA
21.6%
Twenty Five Largest Metros
Santa Rosa, CA
20.1%
Twenty Five Largest Metros
Salinas, CA
12%
Twenty Five Largest Metros
Vallejo, CA
9.8%
Twenty Five Largest Metros
Visalia, CA
9.7%
Quiz Playlist
Details
Report
Send in Message
Add To Playlist
More Info:
East Coast - http://www.sporcle.com/games/Roxelana/ecff
Classic:
Type in answers that appear in a list
Last Updated: Feb 16, 2017
Quiz Scoreboard
CHALLENGE
Sign Up to Join the Scoreboard
Show All
Scores
Hide
Comments
May contain spoilers
Recently Published
Billboard Blitz: Fleetwood Mac
by CooCooCachoo
Music
15s
Presidents Visiting Landmarks
by Hejman
History
7m
An Introduction to Baseball
by treessimontrees
Sports
5m
More to Explore
Quiz From the Vault
Featured Blog Post
Where Did the Easter Bunny Come From?
hide this ad
You Might Also Like...
Tags
Population Quiz
Alaska
Arizona
coast
data
fast
Hawaii
Nevada
Relevant
West
Today's Top Quizzes in Geography
Browse Geography
hide this ad
Today's Top Quizzes in Population
Browse Population
Top Contributed Quizzes in Geography
1
Countries of the World - No Outlines Minefield
2
Top 25 Cities of France on a map
3
Any capital of a 'B' country per Continent
4
Closest Countries to UK A-Z
5
Any capital of a 'C' country per Continent
6
One Thing in Common: United Kingdom
7
Any capital of a 'D' country per Continent
8
5-to-1: US Geography No Hints
9
Any capital of an 'E' country per Continent
10
Find the Provinces of Canada - No Outlines Minefield
Explore More
Trending Topics
Harry Potter
Crossword
Anime
Disney
NBA
Marvel
Kpop
Puzzle
WWE
Country
Soccer
Song
The Office
Pokémon
NFL
hide this ad
More By:
Roxelana
Quiz
Plays
Rating
Category
Featured
Created
US States in Eastern Time Zone
77,831
4.66
Geography
Jul 15, 2011
US States in Central Time Zone
56,876
4.47
Geography
Jul 15, 2011
US States in Mountain Time Zone
36,076
4.14
Geography
Jul 15, 2011
War in the USA
5,884
4.22
Geography
Jan 9, 2011
USA Geography Profile
4,793
4.42
Geography
Jan 2, 2011
Go to Creator's Profile
Score Distribution
Quiz Creator Spotlight
Roxelana
Follow
Send a Message
Quizzes Created
-
Created Quiz Play Count
-
More By This Creator
Popular Quizzes Today
1
Find the US States - No Outlines Minefield
2
Find the Countries of Europe - No Outlines Minefield
3
The Countries of the World
4
Find the US States
5
Popular People in 1961
6
US States
7
Risky Map Clicking: Biggest States A-Z
8
Movies - When Are They Set?
More Geography Quizzes
'A' Letter Capitals by Continent Blitz
Published
Trending Quizzes
Risky Map Clicking: Least Populous States A-Z
1-10 Letter G Words
1-10 Letter F Words
Risky Map Clicking: Next State Alphabetically
'A' Boys' Names Grid
Recently Updated
Leaping Animals
pecheneg
Reality TV Shows (A-Z)
bhenderson79
Rickey Henderson's Hall of Fame Teammates
pecheneg
Champions League XIs: Arsenal
pecheneg
Quick Pick: Celebrities in WWE's Hall of Fame
aduchscher
A-Z Keypad Blitz II
pecheneg
Multiple Oscar Actors
pecheneg
Mystery Phrase Blitz: Oscar 'Best Actors'
pecheneg
F. Scott Fitzgerald Novels
LTH
Pick 3 Villains
ddd62291
Trending Topics
Crossword
Marvel
Anime
Disney
Kpop
NBA
Harry Potter
Song
Pokémon
Country
The Office
Puzzle
WWE
Soccer
NFL
Your Account Isn't Verified!
In order to create a playlist on Sporcle, you need to verify the email address you used during registration. Go to your
Sporcle Settings
to finish the process.
Report this User
Report this user for behavior that violates our
Community Guidelines
.
Details:
Send Report
Go to the Sporcle.com Mobile Site →
Comments